[Event "CFriend AT-2004-0-00035 email"]
[Site "Chessfriend.com"]
[Date "2004.03.24"]
[Round "?"]
[White "Van Deursen, Peter"]
[Black "Cecep Saepudin, Jeff"]
[Result "1-0"]
[WhiteElo "2002"]
[BlackElo "1998"]
[PlyCount "67"]
[EventDate "2004.??.??"]
[EventType "tourn (corr)"]
[EventRounds "2"]
[SourceTitle "Corr 2008"]
[Source "ChessBase"]
[SourceDate "2008.06.24"]
[SourceVersion "1"]
[SourceVersionDate "2008.06.24"]
[SourceQuality "1"]

1. d4 d5 2. c3 Nf6 3. Bf4 Bf5 4. e3 e6 5. Bd3 Bxd3 6. Qxd3 Bd6 7. Bxd6 cxd6 8. Qb5+ Nbd7 9. Qxb7 Rb8 10. Qxa7 Rxb2 11. Nf3 0-0 12. Nbd2 Rc2 13. Qa3 Qc7 14. c4 Rb8 15. cxd5 Nxd5 16. 0-0 Nc3 17. Kh1 Nb5 18. Qa4 d5 19. Rab1 Qc6 20. h3 Rc3 21. Ne5 Nxe5 22. dxe5 Rc2 23. Nf3 Rc4 24. Nd4 Qe8 25. Qb3 Nxd4 26. Qxb8 Rc8 27. Qb7 Ne2 28. a4 Qd8 29. a5 Nc3 30. Rfc1 h5 31. a6 Rc7 32. Qb8 Qxb8 33. Rxb8+ Kh7 34. Rb7 1-0

[Event "CFriend AP-2004-Q-00008 email"]
[Site "Chessfriend.com"]
[Date "2004.03.06"]
[Round "1"]
[White "Cecep Saepudin, Jeff"]
[Black "Granara Barreto, Sebastian"]
[Result "0-1"]
[WhiteElo "1829"]
[BlackElo "2097"]
[PlyCount "52"]
[EventDate "2004.??.??"]
[EventType "tourn (corr)"]
[EventRounds "12"]
[SourceTitle "Corr 2024"]
[Source "ChessBase"]
[SourceDate "2023.10.19"]
[SourceVersion "1"]
[SourceVersionDate "2023.10.19"]
[SourceQuality "1"]

1. e4 c5 2. c3 d5 3. exd5 Qxd5 4. d4 Nf6 5. Nf3 Bg4 6. Be2 Nc6 7. h3 Bh5 8. c4 Qd6 9. d5 Bxf3 10. Bxf3 Nd4 11. 0-0 g6 12. Be3 Nf5 13. Bg5 Bg7 14. Nc3 0-0 15. Re1 Nd4 16. g3 a6 17. Bg2 b5 18. Ne2 Nxe2+ 19. Qxe2 Rfe8 20. Rad1 b4 21. Bf4 Qd7 22. a3 bxa3 23. bxa3 Rac8 24. Be5 Nh5 25. Rd3 Bxe5 26. Qxe5 Ng7 0-1

[Event "CFriend AP-2004-Q-00008 email"]
[Site "Chessfriend.com"]
[Date "2004.03.06"]
[Round "?"]
[White "Cecep Saepudin, Jeff"]
[Black "Pupke, Peter"]
[Result "1/2-1/2"]
[WhiteElo "1998"]
[BlackElo "2096"]
[PlyCount "56"]
[EventDate "2004.??.??"]
[EventType "tourn (corr)"]
[EventRounds "12"]
[SourceTitle "Corr 2008"]
[Source "ChessBase"]
[SourceDate "2008.06.24"]
[SourceVersion "1"]
[SourceVersionDate "2008.06.24"]
[SourceQuality "1"]

1. e4 c5 2. c3 Nf6 3. e5 Nd5 4. d4 cxd4 5. cxd4 d6 6. Nf3 Nc6 7. Nc3 dxe5 8. dxe5 Be6 9. Nxd5 Bxd5 10. Bd3 g6 11. 0-0 Bg7 12. Bb5 0-0 13. Bf4 Rc8 14. Re1 e6 15. Rc1 Bxa2 16. Qa4 Bd5 17. Bxc6 Rxc6 18. Rxc6 bxc6 19. Qxa7 Bxf3 20. gxf3 Qd5 21. Re4 h6 22. h4 c5 23. Qc7 f5 24. exf6 Rxf6 25. Qe7 Rf5 26. Be3 Qd1+ 27. Kh2 Qxf3 28. Rxe6 Qg4 1/2-1/2